000 00754cam a2200145 4500500
005 20251012020620.0
041 _afre
042 _adc
100 1 0 _aGreiner, Philippe
_eauthor
245 0 0 _aBASDEVANT-GAUDEMET Brigitte et SICARD Germain, Les communes françaises. L'enseignement et les cultes de la fin de l'Ancien Régime à nos jours, coll. Bibliothèque de l'École des Hautes Études, Sciences historiques et philologiques, Hautes études d'histoire contemporaine, 4, Honoré Champion éditeur, Paris, 2005, 414 p.
260 _c2005.
500 _a4
786 0 _nL'Année canonique | XLVII | 1 | 2005-02-11 | p. 371-373 | 0570-1953
856 4 1 _uhttps://shs.cairn.info/revue-l-annee-canonique-2005-1-page-371?lang=fr&redirect-ssocas=7080
999 _c1536196
_d1536196